000 00407nam a2200181Ia 4500
005 20240823034906.0
008 240823s9999||||xx |||||||||||||| ||und||
041 _aENGLISH
082 _A895.635 P7
100 _aHaruki Murakami
245 0 _aBlind Willow Sleeping Woman
250 _a1st
260 _c2007
_bVintage
500 _aYES
650 _aNovel
_bEnglish
942 _cBK
999 _c199375
_d199375